Work to Composer - Statistics

General Stats
  • This quiz has been taken 21 times
  • The average score is 10 of 14
Answer Stats
Hint Answer % Correct
Fur Elise Ludwig van Beethoven
100%
Swan Lake Pyotr Tchaikovsky
100%
Eine Kleine Nachtmusik Wolfgang Amadeus Mozart
100%
The Four Seasons Antonio Vivaldi
95%
The Well-Tempered Clavier Johann Sebastian Bach
89%
Messiah George Handel
79%
Overture to A Midsummer Night's Dream Felix Mendelssohn
74%
The Creation Joseph Haydn
68%
Peter and the Wolf Sergei Prokofiev
68%
Fantaisie-Impromptu Frederic Chopin
63%
Maple Leaf Rag Scott Joplin
63%
Erlkönig Franz Schubert
58%
Die Mainacht Johannes Brahms
47%
Carnaval Robert Schumann
37%
No matching quizzes found
Score Distribution
Percent of People with Each Score
Percentile by Number Answered
Your Score History
You have not taken this quiz